Sports Quiz

Random Sports or Letter Quiz
Score 0/6 Timer 00:30
69 Plays Today
Question Answer Wrong Answers
Orlando Magic NBA
96.2%
MLB
1.4%
NFL
0.6%
NHL
0.5%
New York Mets MLB
94.5%
NBA
2.2%
NFL
1.4%
NHL
0.7%
Toronto Maple Leafs NHL
93.7%
MLB
2.9%
NBA
0.8%
NFL
1.3%
Dallas Mavericks NBA
92.3%
MLB
2.3%
NFL
2%
NHL
2%
Seattle Mariners MLB
90.9%
NBA
1.5%
NFL
3.3%
NHL
2.7%
Miami Marlins MLB
89.6%
NBA
2.2%
NFL
3.4%
NHL
3.2%
Come Together.
Have Fun.
All Virtual.
We all need to come together. Play Sporcle's virtual live trivia to have fun, connect with people, and get your trivia on. Join a live hosted trivia game for your favorite pub trivia experience done virtually. If a virtual private party is more your thing, go here for details.

You're not logged in!

Compare scores with friends on all Sporcle quizzes.
OR
Log In

Sporcle TV

Today on Sporcle TV


Watch our educational content, quiz creation guides, and fun videos on Sporcle TV.

Show Comments

Extras

Top Quizzes Today


Score Distribution

Paid Content

Your Account Isn't Verified!

In order to create a playlist on Sporcle, you need to verify the email address you used during registration. Go to your Sporcle Settings to finish the process.

Report this User

Report this user for behavior that violates our Community Guidelines.

Details: